| 000 | 00388nam a22001457a 4500 | ||
|---|---|---|---|
| 999 |
_c4252 _d4252 |
||
| 008 | 200728b ||||| |||| 00| 0 eng d | ||
| 082 | 0 | 0 |
_a621.3 _bD269 |
| 100 |
_91563 _aDawes,Chester L. |
||
| 245 | 1 | 0 |
_aElectrical engineering, Vol- I _cby Chester L. Dawes |
| 260 |
_aLondon _bMacGraw-Hill _c1950 |
||
| 300 | _a210 p. | ||
| 365 | _d31.08 | ||
| 650 | 0 | _aElectrical Engineering | |
| 942 | _cBK | ||